[Event "15th European Club Cup Women"]
[Site "Plovdiv BUL"]
[Date "2010.10.23"]
[Round "7"]
[White "Drljevic,L"]
[Black "Khotenashvili,B"]
[Result "1/2-1/2"]
[WhiteElo "2273"]
[BlackElo "2464"]

1.Nf3 d5 2.g3 c6 3.Bg2 Bg4 4.O-O e6 5.d3 Bd6 6.Nbd2 Ne7 7.h3 Bh5 8.c4 O-O
9.a3 c5 10.cxd5 exd5 11.d4 Nbc6 12.dxc5 Bxc5 13.b4 Bb6 14.Bb2 Bg6 15.Nb3 Nf5
16.Nfd4 Nfxd4 17.Nxd4 Ne5 18.Nb3 Nc4 19.Bd4 Re8 20.Bxb6 Nxb6 21.Nc5 Qe7 22.e3 Rad8
23.Qd4 Rd6 24.Rfd1 Red8 25.Qc3 Rc8 26.Qb3 Bh5 27.g4 Bg6 28.Rd4 h5 29.Rad1 hxg4
30.hxg4 Qh4 31.Rf4 Rf6 32.Rdd4 Rxf4 33.Rxf4 Qg5 34.Qd1 Rc7 35.Rd4 Qh4 36.a4 a5
37.bxa5 Rxc5 38.axb6 Rc2 39.Rd2 Rc4 40.Rd4 Rc2 41.Qe1 Rb2 42.Rb4 Rxb4 43.Qxb4 Be4
44.a5 Qxg4 45.f3 Qg5 46.fxe4 Qxe3+ 47.Kf1 Qd3+ 48.Kf2 d4 49.Qe1 Qc2+ 50.Kg3 d3
51.Bf3 d2 52.Qe2 Qc3 53.a6 Qe5+ 54.Kg2 d1=Q 55.Qxd1 Qb2+ 56.Qe2 Qxb6 57.e5 bxa6
58.Bd5 Qg6+ 59.Kf2 Qf5+ 60.Bf3 Qf4 61.Kg2 a5 62.e6 Qg5+ 63.Bg4 fxe6 64.Qxe6+ Kh7
65.Qe4+ Kh6 66.Kg3 Qc5 67.Qf4+ Kg6 68.Qe4+ Kf6 69.Qf3+ Kg6 70.Qd3+ Kf6 71.Qd8+ Kg6
72.Qe8+ Kf6 73.Qd8+ Kg6 74.Qd7 Qe5+ 75.Kg2 Qb2+ 76.Kg3 Qe5+ 77.Kf3 Qf6+ 78.Ke4 Kg5
79.Bf5 Qc3 80.Qd8+ Qf6 81.Qd2+ Kh5 82.Qe2+ Kh6 83.Qh2+ Kg5 84.Qf4+ Kh5 85.Qh2+ Kg5
86.Qg2+ Kh6 87.Qd2+ Kh5 88.Qxa5 Qc6+ 89.Ke3 Qc1+ 90.Ke2 Qf4 91.Qd5 Kg5 92.Be4+ Kh4
93.Bf3 g5 94.Qe6 g4 95.Bg2 Kg3 96.Bd5 Qf2+ 97.Kd3 Qf1+ 98.Kd2 Qf2+ 99.Kd3  1/2-1/2

[Event "11th Liberec Open"]
[Site "Liberec CZE"]
[Date "2010.10.24"]
[Round "2"]
[White "Jorgensen,J"]
[Black "Broekman,W"]
[Result "1/2-1/2"]
[WhiteElo "2277"]
[BlackElo "2087"]

1.Nf3 d5 2.g3 e6 3.Bg2 Bd6 4.c4 c6 5.O-O f5 6.d3 Nf6 7.Nc3 O-O 8.e4 d4 9.Nxd4 Bxg3
10.hxg3 Qxd4 11.Be3 Qd8 12.Bc5 Rf7 13.e5 Ng4 14.Qe2 Nd7 15.Bd6 Qg5 16.Bh3 h5
17.f4 Qd8 18.d4 a5 19.Bxg4 hxg4 20.Rf2 Qb6 21.Rd1 Qa7 22.Rh2 Nf8 23.Rh5 g6
24.Rh6 Bd7 25.Qh2 Rg7 26.c5 b5 27.Kf2 Nh7 28.Rh1 Be8 29.Qg2 Qd7 30.d5 Rc8
31.dxc6 Qxc6 32.Qxc6 Bxc6 33.Rc1 Kf7 34.Ne2 g5 35.Ke3 Bd5 36.Nd4 gxf4+ 37.Kxf4 b4
38.c6 Ng5 39.c7 Nh3+ 40.Ke3 Rg6 41.Rh7+ Rg7 42.Rxg7+ Kxg7 43.Nb5 f4+ 44.gxf4 g3
45.Na7 Ra8 46.c8=Q Rxc8 47.Nxc8 g2 48.a3 bxa3 49.bxa3 g1=Q+ 50.Rxg1+ Nxg1
51.Nb6 Bc6 52.Nc4 a4 53.Nd2 Bb5 54.Ne4 Ne2 55.Ng5 Bc4 56.f5 exf5 57.e6 Kf6
58.e7 Bb5 59.Nf3 f4+ 60.Ke4 Bc6+ 61.Kd3 Bb5+ 62.Ke4 Bc6+ 63.Kd3 Bb5+  1/2-1/2

[Event "WY Boys-U10"]
[Site "Porto Carras GRE"]
[Date "2010.10.24"]
[Round "5.2"]
[White "Lagunow,Raphael"]
[Black "Haring,V"]
[Result "1-0"]
[WhiteElo "1623"]
[BlackElo "1893"]

1.Nf3 d5 2.g3 c6 3.Bg2 Bg4 4.O-O Nd7 5.d4 e6 6.Nbd2 Ngf6 7.Re1 Be7 8.e4 O-O
9.e5 Ne8 10.h3 Bh5 11.c4 dxc4 12.Nxc4 Nb6 13.b3 Bb4 14.Bd2 Bxd2 15.Qxd2 Nd5
16.Ng5 b5 17.Na5 Rc8 18.Rac1 Qb6 19.Rc5 h6 20.Ne4 b4 21.Rec1 Ne7 22.Nd6 Rc7
23.Nxc6 Nxc6 24.Rxc6 Rxc6 25.Rxc6 Qa5 26.Rc5 Qd8 27.Rc8 Qe7 28.Rxe8 Rxe8
29.Nxe8 Qxe8 30.Qxb4 Qc8 31.Qc5 Qa6 32.Qc2 Bg6 33.Qd2 Qa3 34.d5 exd5 35.Bxd5 Bb1
36.Qf4 Qe7 37.b4 Bg6 38.a3 Qd7 39.Bg2 Qd1+ 40.Kh2 Qa4 41.Qe3 Bf5 42.Bd5 Qd7
43.Qf3 Bg6 44.Be4 Bxe4 45.Qxe4 Qa4 46.Qe3 a6 47.g4 Kh8 48.Kg3 Kg8 49.f4 Qc2
50.e6 fxe6 51.Qxe6+ Kh8 52.Qe3 Qd1 53.h4 Qd7 54.h5 Qf7 55.Qf3 Qa7 56.Kg2 Qd4
57.Qf2 Qd5+ 58.Qf3 Qd2+ 59.Kh3 Qd4 60.g5 hxg5 61.fxg5 Qd7+ 62.Qg4 Qd3+ 63.Kh4 Qc2
64.Qf4 Qc8 65.a4 Qa8 66.Kg3 Qc8 67.h6 Qc3+ 68.Kg4 Qc8+ 69.Kh4 gxh6 70.Qf6+ Kg8
71.Qg6+ Kh8 72.Qxh6+ Kg8 73.Qg6+ Kh8 74.Qe4 Qb8 75.Kh5 a5 76.bxa5 Qh2+ 77.Qh4 Qc2
78.a6 Qc6 79.a7 Kg7 80.Qd4+ Kh7 81.Qd3+ Kg7 82.a8=Q Qe8+ 83.g6 Qe5+ 84.Kg4 Qg5+
85.Kf3 Qh5+ 86.Ke3 Qe5+ 87.Qae4 Qg3+ 88.Kd4 Qd6+ 89.Qd5 Qb4+ 90.Q5c4 Qd6+
91.Kc3 Qa3+ 92.Qb3 Qc1+ 93.Qdc2  1-0

[Event "WY Boys-U16"]
[Site "Porto Carras GRE"]
[Date "2010.10.24"]
[Round "5.9"]
[White "Anton Guijarro,D"]
[Black "Igambergenov,A"]
[Result "1/2-1/2"]
[WhiteElo "2403"]
[BlackElo "2195"]

1.Nf3 d5 2.g3 Nf6 3.c4 c6 4.Qc2 g6 5.Bg2 Bg7 6.O-O O-O 7.d3 Nbd7 8.e4 dxe4
9.dxe4 Qc7 10.Rd1 Nc5 11.Bf4 Qb6 12.Nc3 Ne6 13.Be3 Qc7 14.h3 b6 15.Nd2 Bb7
16.Nb3 Nd7 17.f4 Rad8 18.Qf2 Ba6 19.Bf1 Qb8 20.h4 Ndc5 21.e5 f6 22.exf6 Bxf6
23.Qf3 Nxb3 24.axb3 Bb7 25.Qe4 Ng7 26.Bh3 e5 27.Re1 exf4 28.Bxf4 Qa8 29.Red1 Rfe8
30.Rxd8 Qxd8 31.Qf3 b5 32.cxb5 Qb6+ 33.Kh2 Bxc3 34.bxc3 cxb5 35.Qf1 Qc5 36.Bg2 Bxg2
37.Qxg2 Qxc3 38.Qd5+ Kh8 39.Rxa7 Qc2+ 40.Kh3 Qf2 41.Rb7 Qf1+ 42.Qg2 Qd3 43.Qb2 Qf1+
44.Qg2 Qd3 45.Qb2 Qf1+  1/2-1/2

[Event "WY Boys-U16"]
[Site "Porto Carras GRE"]
[Date "2010.10.24"]
[Round "5.14"]
[White "Gabuzyan,H"]
[Black "Galehdari,B"]
[Result "1-0"]
[WhiteElo "2261"]
[BlackElo "2093"]

1.Nf3 d5 2.g3 Nf6 3.Bg2 e6 4.O-O Be7 5.d3 c5 6.Nbd2 Nc6 7.e4 O-O 8.Re1 Qc7
9.Qe2 b6 10.e5 Nd7 11.h4 Ba6 12.c3 b5 13.Nf1 b4 14.c4 Rae8 15.Bf4 dxc4 16.dxc4 Nd4
17.Nxd4 cxd4 18.b3 Nc5 19.Rad1 Rd8 20.Qg4 Kh8 21.Bg5 f6 22.exf6 gxf6 23.Bd2 f5
24.Qh5 Qa5 25.Bh6 Rg8 26.Qf7 Bf8 27.Qf6+ Bg7 28.Bxg7+ Rxg7 29.Rxd4 Rxd4 30.Qxd4 Kg8
31.Re5 Rc7 32.Qd8+ Kg7 33.Qg5+ Kf8 34.Qd8+ Kg7 35.h5 h6 36.Ne3 Qb6 37.Nxf5+ exf5
38.Re7+ Rxe7 39.Qxe7+ Kh8 40.Bd5 Qb8 41.Qf6+ Kh7 42.Qg6+  1-0

[Event "WY Boys-U16"]
[Site "Porto Carras GRE"]
[Date "2010.10.24"]
[Round "6.6"]
[White "Bajarani,U"]
[Black "Volkov,Nika"]
[Result "1-0"]
[WhiteElo "2408"]
[BlackElo "2159"]

1.g3 d5 2.Nf3 e6 3.Bg2 Nf6 4.O-O c5 5.d4 Nc6 6.c4 dxc4 7.dxc5 Qxd1 8.Rxd1 Bxc5
9.Nbd2 Ng4 10.Ne4 Be7 11.h3 Nf6 12.Ned2 c3 13.bxc3 Nd5 14.Bb2 O-O 15.c4 Nc7
16.Nb3 f6 17.Nfd2 e5 18.Ne4 a5 19.Nd6 Ne6 20.Nxc8 Rfxc8 21.Bd5 Nd8 22.f4 exf4
23.Nd4 Bc5 24.gxf4 Kf8 25.e3 Nxd4 26.exd4 Bd6 27.f5 Rab8 28.c5 Be7 29.Rac1 Rc7
30.Bc3 b6 31.Be1 Rd7 32.Be6 Nxe6 33.fxe6 Rd5 34.Bg3 Rbd8 35.Bc7 bxc5 36.Bxd8 Rxd8
37.d5 f5 38.Rb1 Bf6 39.Rb7 Ke8 40.d6 Bd4+ 41.Rxd4 cxd4 42.Re7+ Kf8 43.Rf7+ Kg8
44.e7 Re8 45.Rxf5  1-0

[Event "Trophee CCAS GpB"]
[Site "Cap d'Agde FRA"]
[Date "2010.10.25"]
[Round "4"]
[White "Pelletier,Y"]
[Black "Kosintseva,T"]
[Result "1/2-1/2"]
[WhiteElo "2592"]
[BlackElo "2573"]

1.Nf3 d5 2.g3 c6 3.Bg2 Bg4 4.c4 e6 5.O-O Nf6 6.d3 Nbd7 7.cxd5 cxd5 8.Qb3 Nc5
9.Qb5+ Qd7 10.Nc3 a6 11.Qxd7+ Ncxd7 12.Bf4 Be7 13.Rac1 O-O 14.h3 Bxf3 15.Bxf3 Rfc8
16.g4 h6 17.e4 e5 18.Bg3 d4 19.Nd5 Nxd5 20.exd5 Bd6 21.Be4 Nf6 22.Kg2 Nxe4
23.dxe4 f6 24.Kf3 Kf7 25.Ke2 g5 26.h4 Rxc1 27.Rxc1 Rg8 28.Rh1 Kg7 29.Kd3 Rc8
30.f3 Rc7 31.Rd1 Rc8 32.Bf2 Kg6 33.Be1 Rc7 34.Bd2 Rc8 35.Rh1 Kg7 36.a4 b6
37.b4 Rc7 38.hxg5 hxg5 39.Rb1 Rc8 40.Rh1 Rc7 41.Rb1 Rc8 42.Rh1 Rc7  1/2-1/2

[Event "20th World Seniors"]
[Site "Arco ITA"]
[Date "2010.10.26"]
[Round "1"]
[White "Ziltener,W"]
[Black "Battaglia,Emanuele"]
[Result "1-0"]
[WhiteElo "2116"]
[BlackElo "1645"]

1.Nf3 d5 2.g3 c5 3.Bg2 Nf6 4.O-O e6 5.c4 Be7 6.d4 cxd4 7.cxd5 Nxd5 8.Nxd4 O-O
9.e4 Nf6 10.Nc3 a6 11.Be3 Nbd7 12.h3 Rb8 13.Qe2 b5 14.Nc6 Qc7 15.Nxe7+ Kh8
16.Nxc8 Rfxc8 17.Rac1 Qd8 18.Rfd1 Qf8 19.e5 Nd5 20.Nxd5 exd5 21.Rxc8 Rxc8
22.Rxd5 Qe7 23.Qg4 Rd8 24.Qd1 Kg8 25.Bb6  1-0

[Event "11th Liberec Open"]
[Site "Liberec CZE"]
[Date "2010.10.26"]
[Round "4"]
[White "Jorgensen,J"]
[Black "Prachar,J"]
[Result "1-0"]
[WhiteElo "2277"]
[BlackElo "1922"]

1.Nf3 d5 2.g3 Nc6 3.d4 Bg4 4.Bg2 Qd7 5.h3 Bf5 6.Bf4 f6 7.a3 e6 8.Nbd2 Bd6
9.Bxd6 Qxd6 10.O-O Nge7 11.b4 a6 12.c4 g5 13.Re1 Be4 14.cxd5 exd5 15.Qb3 h5
16.e3 Ng6 17.Nxe4 dxe4 18.Nd2 f5 19.Rac1 Nce7 20.Rc5 c6 21.Bxe4 fxe4 22.Nxe4 Qc7
23.Nxg5 Qd7 24.Qf7+ Kd8 25.Ne6+ Kc8 26.Rg5 b6 27.Rc1 Rg8 28.d5  1-0

[Event "11th Liberec Open"]
[Site "Liberec CZE"]
[Date "2010.10.27"]
[Round "5"]
[White "Sorensen,B"]
[Black "Ruzicka,V2"]
[Result "1/2-1/2"]
[WhiteElo "2271"]
[BlackElo "2030"]

1.Nf3 d5 2.g3 Nf6 3.Bg2 c6 4.b3 Bg4 5.Bb2 Nbd7 6.d3 e6 7.Nbd2 Bd6 8.e4 e5
9.O-O O-O 10.h3 Bh5 11.Qe1 Qe7 12.Nh4 Bc7 13.Nf5 Qe6 14.Ba3 Rfe8 15.c4 Bg6
16.cxd5 cxd5 17.Rc1 Bxf5 18.Rxc7 Bxh3 19.Qc1 h5 20.Nf3 Bxg2 21.Kxg2 h4 22.Nxh4 dxe4
23.dxe4 Nxe4 24.Re1 Nef6 25.Qg5 Qd5+ 26.f3 Nh7 27.Qc1 e4 28.Qd1 Ndf6 29.Qxd5 Nxd5
30.Rxb7 g5 31.Rxe4 gxh4 32.Rg4+ Kh8 33.Rxh4 Nf6 34.Rxf7 Kg8 35.Re7 Red8 36.Re2 Rd7
37.Rf4 Kg7 38.g4 Nd5 39.Rf5 Kg6 40.Kg3 Nhf6 41.Bc5 Re8 42.Rxe8 Nxe8 43.Re5 Ng7
44.f4 Nc3 45.a4 Rd3+ 46.Kh4 Nd5 47.Bd6 a5 48.f5+ Kf7 49.g5 Rd4+ 50.Kg3 Nc3
51.Bc5 Ne4+ 52.Kf3 Nxg5+ 53.Ke3 Rh4 54.Be7 Nxf5+ 55.Rxf5+ Kxe7 56.Rxg5 Rh3+
57.Kd4 Rxb3 58.Rxa5 Kd6 59.Kc4  1/2-1/2

[Event "11th Liberec Open"]
[Site "Liberec CZE"]
[Date "2010.10.27"]
[Round "5"]
[White "Noordhoek,H"]
[Black "Klecker,T"]
[Result "0-1"]
[WhiteElo "2089"]
[BlackElo "2221"]

1.Nf3 d5 2.g3 Nf6 3.Bg2 c6 4.O-O Bf5 5.b3 Nbd7 6.c4 e6 7.Bb2 Be7 8.d3 O-O
9.Nc3 a5 10.h3 h6 11.Qd2 Nc5 12.Rfd1 Bh7 13.Ne5 Qb6 14.e3 Bd6 15.f4 Bxe5
16.fxe5 Nfd7 17.Ba3 Nxd3 18.Bxf8 Rxf8 19.cxd5 cxd5 20.Na4 Qa7 21.Kh2 N7xe5
22.Qc3 Qxe3 23.Nb2 d4 24.Qd2 Nxb2 25.Qxb2 d3 26.Qd2 Nf3+ 27.Bxf3 Qxf3 28.Rac1 Rd8
29.Re1 Bg6 30.Re3 Qd5 31.Kg1 e5 32.Kf2 b6 33.Qc3 e4 34.Rf1 Qd7 35.g4 Rc8
36.Qe5 Rc2+  0-1

[Event "20th World Seniors"]
[Site "Arco ITA"]
[Date "2010.10.28"]
[Round "3"]
[White "Zhelesny,S"]
[Black "Paune,F"]
[Result "1-0"]
[WhiteElo "2194"]
[BlackElo "1943"]

1.Nf3 d5 2.g3 Nc6 3.d4 a6 4.Bg2 Nf6 5.O-O e6 6.Nbd2 Bd6 7.c4 b6 8.a3 a5 9.Qc2 Bd7
10.cxd5 Nxd5 11.e4 Ndb4 12.axb4 Nxb4 13.Qc3 O-O 14.b3 Rc8 15.Bb2 Re8 16.Nc4 Bf8
17.Rad1 f6 18.d5 e5 19.Ne3 Bb5 20.Rfe1 Na2 21.Qc2 Bb4 22.Bf1 Bd7 23.Nd2 Bd6
24.Qb1 Nb4 25.Ndc4 Bc5 26.Bg2 Ra8 27.Bc3 a4 28.bxa4 Rxa4 29.Qb3 Qa8 30.d6 b5
31.Nb6+ Be6 32.Qxe6+ Rxe6 33.Nxa8 Rxa8 34.dxc7 Nc6 35.Bh3 Ree8 36.Bd7 Nd4
37.Bxe8 Rxe8 38.Bxd4 Bxd4 39.Nd5 Kf7 40.Rb1  1-0

[Event "20th World Seniors Women"]
[Site "Arco ITA"]
[Date "2010.10.28"]
[Round "3"]
[White "Borisova,B"]
[Black "Mira,H"]
[Result "0-1"]
[WhiteElo "2096"]
[BlackElo "2144"]

1.Nf3 d5 2.g3 c6 3.Bg2 Bg4 4.d4 Nd7 5.Nbd2 Ngf6 6.O-O e6 7.b3 Qa5 8.Bb2 Ba3
9.Bxa3 Qxa3 10.c4 O-O 11.Qc1 Qxc1 12.Raxc1 Rfe8 13.Rfe1 Rad8 14.Ne5 Nxe5
15.dxe5 Nd7 16.h3 Bf5 17.f4 h6 18.g4 Bh7 19.cxd5 exd5 20.Bxd5 Bd3 21.Nc4  0-1

[Event "11th Liberec Open"]
[Site "Liberec CZE"]
[Date "2010.10.28"]
[Round "7"]
[White "Sorensen,B"]
[Black "Snorek,M"]
[Result "1-0"]
[WhiteElo "2271"]
[BlackElo "2143"]

1.Nf3 d5 2.g3 Nf6 3.Bg2 e6 4.O-O c5 5.d4 Nc6 6.c4 cxd4 7.Nxd4 Bc5 8.Nxc6 bxc6
9.Qc2 Be7 10.Rd1 O-O 11.e4 Ba6 12.exd5 cxd5 13.cxd5 Rc8 14.Qa4 Be2 15.Re1 Nxd5
16.Nc3 Nxc3 17.bxc3 Bc4 18.Be3 Bf6 19.Red1 Qc7 20.Rd7 Qe5 21.Qxa7 Qxc3 22.Rc1 Qb2
23.Bb7 Qe2 24.Bxc8 Rxc8 25.Rd2 Qg4 26.Qb7 e5 27.Rdc2 h5 28.Qb4  1-0

[Event "WY Boys-U16"]
[Site "Porto Carras GRE"]
[Date "2010.10.28"]
[Round "9.18"]
[White "Gabuzyan,H"]
[Black "Malureanu,C"]
[Result "1-0"]
[WhiteElo "2261"]
[BlackElo "2146"]

1.g3 d5 2.Nf3 c6 3.Bg2 Nf6 4.O-O Bf5 5.b3 e6 6.Bb2 h6 7.d3 Nbd7 8.Nbd2 Be7
9.e4 Bg4 10.h3 Bh5 11.Qe2 O-O 12.a3 Ne8 13.Rae1 Qa5 14.c4 Bf6 15.d4 Nc7 16.Qe3 c5
17.b4 cxd4 18.Qf4 Qb6 19.c5 Qc6 20.Nxd4 Bxd4 21.Bxd4 a5 22.Ba1 axb4 23.exd5 Nxd5
24.Qd4 N7f6 25.Ne4 Qa6 26.axb4 Rfd8 27.Nxf6+ Nxf6 28.Qf4 Ne8 29.Bc3 Bg6 30.Ra1 Qb5
31.Qe5 Bd3 32.Rfd1 Rxa1 33.Rxa1 Bc4 34.Qf4 Bd5 35.Bf1 Qc6 36.Qe3 Nc7 37.Be5 f6
38.Bxc7 Qxc7 39.b5 Rc8 40.Rc1 Kf7 41.Qd4 Kf8 42.Be2 Qa5 43.Ra1 Qc7 44.c6 bxc6
45.b6 Qd6 46.Ra7 c5 47.Qg4  1-0

[Event "Chigorin Mem Classic Open"]
[Site "St Petersburg RUS"]
[Date "2010.10.28"]
[Round "1"]
[White "Romanov,E"]
[Black "Solovjova,V"]
[Result "1-0"]
[WhiteElo "2598"]
[BlackElo "2253"]

1.Nf3 d5 2.g3 c6 3.Bg2 Nf6 4.c4 Bf5 5.cxd5 cxd5 6.Qb3 Qc8 7.Nc3 e6 8.O-O Be7
9.d3 Nc6 10.Bf4 Nh5 11.Be3 O-O 12.Rac1 Qd7 13.Nd4 Nxd4 14.Bxd4 Bf6 15.Bxf6 Nxf6
16.e4 Bg6 17.exd5 Bxd3 18.Rfd1 Bf5 19.d6 Rac8 20.Qxb7 Qxb7 21.Bxb7 Rb8 22.d7 e5
23.Nd5 Nxd7 24.Ne7+ Kh8 25.Bc6 Bg4 26.f3 Rxb2 27.fxg4 Nf6 28.h3 Rxa2 29.Ra1 Rxa1
30.Rxa1 Rd8 31.Rxa7 Rd1+ 32.Kf2 g6 33.g5 Nh5 34.Ra8+  1-0

[Event "20th World Seniors"]
[Site "Arco ITA"]
[Date "2010.10.29"]
[Round "4"]
[White "Garcia,Rai"]
[Black "Dietzsch,H"]
[Result "1-0"]
[WhiteElo "2331"]
[BlackElo "2121"]

1.Nf3 d5 2.g3 c6 3.Bg2 Bf5 4.O-O e6 5.d3 Nf6 6.Nbd2 Be7 7.Qe1 h6 8.e4 Bh7
9.Qe2 O-O 10.b3 a5 11.a4 Na6 12.Bb2 Rc8 13.Ne1 Re8 14.e5 Nd7 15.f4 f5 16.Bh3 Rf8
17.Ng2 Qe8 18.g4 g6 19.Kh1 h5 20.gxh5 gxh5 21.Nf3 Qf7 22.Ng5 Bxg5 23.fxg5 Bg6
24.Nf4 Kg7 25.Bg2 Rh8 26.h4 Nc7 27.Bf3 Rh7 28.Rg1 Kg8 29.d4 Nf8 30.c4 Qe8
31.Qe1 Ra8 32.Bc3 b6 33.Bb2 Kf7 34.Rc1 Qd7 35.Qc3 Rc8 36.Rge1 Kg8 37.Ba3 Re8
38.Bxf8  1-0

[Event "20th World Seniors"]
[Site "Arco ITA"]
[Date "2010.10.29"]
[Round "4"]
[White "Gierse,H"]
[Black "Anguera Maestro,J"]
[Result "1/2-1/2"]
[WhiteElo "2127"]
[BlackElo "2205"]

1.Nf3 d5 2.g3 c5 3.Bg2 Nc6 4.d4 Nf6 5.O-O e6 6.c4 dxc4 7.Ne5 Nxe5 8.dxe5 Qxd1
9.Rxd1 Nd7 10.f4 Rb8 11.a4 Be7 12.Na3 O-O 13.Nxc4 Nb6 14.Nd6 Bxd6 15.exd6 Nd7
16.a5 Rd8 17.e4 b6 18.e5 Bb7 19.axb6 axb6 20.Bf1 Bc6 21.b4  1/2-1/2

[Event "Medosz Hotel"]
[Site "Budapest HUN"]
[Date "2010.10.30"]
[Round "5"]
[White "Sebestyen,Bala"]
[Black "Schenkerik,C"]
[Result "1/2-1/2"]
[WhiteElo "2227"]
[BlackElo "2127"]

1.Nf3 d5 2.g3 e6 3.Bg2 c5 4.O-O Nc6 5.d4 Nf6 6.c4 Be7 7.dxc5 Bxc5 8.Bg5 O-O
9.cxd5 exd5 10.Nc3 d4 11.Ne4 Be7 12.Nxf6+ Bxf6 13.Bxf6 Qxf6 14.Rc1 Bg4 15.Qb3 Qe7
16.Rfd1 Rad8 17.Rd2 Rd7 18.Rcd1 Rfd8 19.Qc4 Bxf3 20.Bxf3 Ne5 21.Qb3 d3 22.Qc3 Rc7
23.Qa5 Nc4 24.Qxa7 Nxd2 25.Rxd2 dxe2 26.Rxe2 Qd7 27.Qb6 Qc8 28.Kg2 Rcd7 29.a4 Qc7
30.Qb5 Re7 31.Rxe7 Qxe7 32.a5 Rd7 33.b4 g6 34.Qb6 h5 35.b5 Qb4 36.Bxb7 Rd1
37.a6 Qe1 38.Kh3 g5 39.a7 Qf1+ 40.Bg2 g4+ 41.Kh4 Qxg2 42.Qb8+ Kg7 43.Qe5+ f6
44.Qe7+ Kg6 45.Qe8+ Kg7 46.Qe7+ Kg6 47.Qe8+ Kg7  1/2-1/2

[Event "Chigorin Mem Classic Open"]
[Site "St Petersburg RUS"]
[Date "2010.10.30"]
[Round "3"]
[White "Mishuchkov,N"]
[Black "Vysochin,S"]
[Result "1/2-1/2"]
[WhiteElo "2373"]
[BlackElo "2550"]

1.Nf3 d5 2.g3 Nf6 3.Bg2 c6 4.O-O Bf5 5.d3 e6 6.c4 dxc4 7.dxc4 Nbd7 8.Be3 Be7
9.Nc3 O-O 10.Nh4 Bg4 11.a3 a5 12.h3 Bh5 13.Na4 Qc7 14.Bf4 e5 15.Be3 Rfd8
16.Qc2 Ne8 17.Nf5 Bf8 18.Rfd1 Bg6 19.c5 Nef6 20.b4 axb4 21.axb4 Ra6 22.Nb2 Rxa1
23.Rxa1 Qc8 24.g4 h5 25.Bg5 hxg4 26.hxg4 Re8 27.e4 Nxg4 28.Nh4 Bh5 29.Bh3 Qc7
30.Ra7 Qb8 31.Ra3 b6 32.Rd3 Ndf6 33.f3 Nh6 34.Bxf6 gxf6 35.Bd7 Rd8 36.Bxc6 bxc5
37.b5 Rd4 38.Nc4 Qc8 39.Rxd4 cxd4 40.Nb6 Qe6 41.Nd5 Kh8 42.Kg2 d3 43.Qxd3 Bc5
44.Nf5 Bf8 45.Qc2 Bg6 46.Nde3 Bxf5 47.exf5 Qd6 48.Nd5 Qa3 49.b6 Bc5 50.b7 Ba7
51.Qb1 Qd6 52.Qc2 Bb8 53.Ne3 Ba7 54.Be4 Kg7 55.Nd5 Nxf5 56.Qa2 Ne3+ 57.Nxe3 Bxe3
58.Kh3 Bb6 59.Qg2+ Kf8  1/2-1/2

[Event "VII Open"]
[Site "Figueira da Foz POR"]
[Date "2010.10.31"]
[Round "1.25"]
[White "Adams,P"]
[Black "Mendes,CaA"]
[Result "1-0"]
[WhiteElo "2133"]
[BlackElo "1777"]

1.Nf3 d5 2.g3 c5 3.Bg2 Nc6 4.d4 e6 5.O-O Nf6 6.c4 Be7 7.dxc5 Bxc5 8.a3 O-O
9.b4 Bb6 10.Nbd2 a6 11.Bb2 Qe7 12.Rc1 Rd8 13.Qc2 Ba7 14.e3 d4 15.exd4 Nxd4
16.Nxd4 Bxd4 17.Bxd4 Rxd4 18.Nf3 Rd8 19.Ne5 Rb8 20.Rfd1 Bd7 21.c5 Be8 22.c6 Rxd1+
23.Qxd1 bxc6 24.Nxc6 Bxc6 25.Rxc6 a5 26.bxa5 Qxa3 27.a6 g6 28.Qc1 Qxc1+ 29.Rxc1 Nd5
30.a7 Ra8 31.Ra1 Kf8 32.f4 h6 33.Kf2 Ke7 34.Bxd5 exd5 35.Ke3 Ke6 36.Kd4 h5
37.h3 h4 38.g4 f5 39.Ra6+ Kf7 40.gxf5  1-0

[Event "Chigorin Mem Classic Open"]
[Site "St Petersburg RUS"]
[Date "2010.10.31"]
[Round "4"]
[White "Maletin,P"]
[Black "Ovod,E"]
[Result "1-0"]
[WhiteElo "2621"]
[BlackElo "2401"]

1.Nf3 d5 2.g3 c5 3.Bg2 Nc6 4.d4 e6 5.O-O Qb6 6.e3 Nf6 7.b3 cxd4 8.exd4 Be7
9.c4 O-O 10.Nc3 Rd8 11.Be3 Qa5 12.Qc2 Bd7 13.cxd5 Nb4 14.Qd2 Nfxd5 15.Nxd5 Qxd5
16.Ne5 Qb5 17.a4 Qa6 18.Rfc1 Bc6 19.Nxc6 Nxc6 20.Bf1 Qa5 21.Qxa5 Nxa5 22.Rab1 Bb4
23.Bg2 Rd7 24.Rc2 Kf8 25.h4 a6 26.d5 exd5 27.Rd1 d4 28.Rxd4 Rxd4 29.Bxd4 Nxb3
30.Bb6 Na5 31.Rb2 Ba3 32.Rb1 Nc6 33.Be3 Nd8 34.Bxb7 Nxb7 35.Rxb7 h5 36.a5 g6
37.Bd4 Be7 38.Kg2 Bd8 39.Bb6 Bxb6 40.Rxb6 Ke7 41.Kf3 Kf8 42.Ke3 Kg7 43.Kd4 Rd8+
44.Kc3 Rd5 45.Kb4 Rd2 46.Rxa6 Rxf2 47.Rc6 g5 48.hxg5 Rb2+ 49.Ka4 Ra2+ 50.Kb5 Rb2+
51.Ka4 Ra2+ 52.Kb5 Rb2+ 53.Kc5 Rb3 54.a6 Rxg3 55.a7 Ra3 56.Kb6 h4 57.Kb7 h3
58.a8=Q Rxa8 59.Kxa8 h2 60.Rh6 f6 61.Rxh2 fxg5 62.Rf2 Kg6 63.Kb7 Kh5 64.Kc6 g4
65.Kd5 g3 66.Rf8 Kg4 67.Ke4 g2 68.Rg8+ Kh3 69.Kf3  1-0

[Event "Chigorin Mem Classic Open"]
[Site "St Petersburg RUS"]
[Date "2010.10.31"]
[Round "4"]
[White "Serov,M"]
[Black "Zhukov,Da2"]
[Result "1/2-1/2"]
[WhiteElo "2375"]
[BlackElo "1945"]

1.Nf3 d5 2.g3 Nf6 3.Bg2 c6 4.O-O Bg4 5.d3 e6 6.Nbd2 Nbd7 7.b3 Bd6 8.Bb2 O-O
9.h3 Bxf3 10.Bxf3 Qb6 11.Kh1 Rfe8 12.e4 e5 13.Bg2 Qc7 14.Qe2 Rad8 15.Rad1 a6
16.exd5 cxd5 17.c4 d4 18.a3 a5 19.Rb1 Bc5 20.Qf3 Rb8 21.g4 Nf8 22.g5 N6d7
23.Bc1 Ne6 24.Ne4 b5 25.Nxc5 Ndxc5 26.cxb5 Rxb5 27.b4 axb4 28.axb4 Na4 29.Qc6 Reb8
30.Qxc7 Nxc7 31.f4 Nc3 32.Rb2 e4 33.dxe4 Rxb4 34.Rd2 N7b5 35.e5 Nb1 36.Rd3 Rc4
37.Rb3 N1c3 38.f5 Ne2 39.Bd2 Rc2 40.Ba5 Ra2 41.Bc7 Ng3+ 42.Kg1 Ne2+ 43.Kh2 Rb7
44.Bxb7 Nc1+ 45.Kh1 Nxb3 46.Bb8 d3 47.g6 Ra1 48.gxf7+ Kxf7 49.e6+ Ke7 50.Rxa1 Nxa1
51.Bf4 Nd6 52.Bg5+ Kf8 53.Ba6 h6 54.Be3 Nxf5 55.Bc5+ Ke8 56.Bxd3  1/2-1/2

[Event "Chigorin Mem Classic Open"]
[Site "St Petersburg RUS"]
[Date "2010.10.31"]
[Round "4"]
[White "Makarov,M"]
[Black "Bazeev,G"]
[Result "1/2-1/2"]
[WhiteElo "2521"]
[BlackElo "2348"]

1.Nf3 d5 2.g3 c6 3.Bg2 Nf6 4.d3 Bg4 5.Nbd2 Nbd7 6.h3 Bh5 7.O-O e5 8.e4 Bd6
9.Qe1 O-O 10.Nh4 Re8 11.Nb3 Bg6 12.a4 Qc7 13.Nxg6 hxg6 14.a5 Nf8 15.Bg5 dxe4
16.dxe4 Ne6 17.Be3 c5 18.c3 Qc6 19.Qe2 b5 20.axb6 axb6 21.Rfb1 c4 22.Rxa8 Rxa8
23.Nd2 b5 24.b3 cxb3 25.Rxb3 Nc7 26.Qd3 Nd7 27.Rb1 Nc5 28.Qc2 Ra3 29.Rd1 N5e6
30.Nb1 Ra4 31.Qd2 Bc5 32.h4 Bxe3 33.Qxe3 b4 34.cxb4 Rxb4 35.Nc3 Rb3 36.Nd5 Qc2
37.Qc1 Rb2 38.Qxc2 Rxc2 39.Ne3 Rc5 40.Bf1 Nd4 41.Bc4 Nce6 42.Ra1 Nc7 43.Ra7 Kf8
44.Rb7 Nc2 45.Nxc2 Rxc4 46.Ne3 Rc6 47.Kg2 Ne8 48.Rb8 Rc7 49.g4 f6 50.h5 gxh5
51.gxh5 Kf7 52.Nf5  1/2-1/2

[Event "16th Venetian Chess Autumn"]
[Site "Venice ITA"]
[Date "2010.10.31"]
[Round "3.23"]
[White "Bonan,Y"]
[Black "Gigovski,Gjoko"]
[Result "1/2-1/2"]
[WhiteElo "1872"]
[BlackElo "1932"]

1.Nf3 d5 2.g3 Nf6 3.Bg2 c6 4.d3 Bf5 5.O-O Nbd7 6.Nh4 Bg6 7.Nxg6 hxg6 8.e4 e6
9.Bg5 Be7 10.exd5 exd5 11.c4 dxc4 12.dxc4 Nb6 13.Qe2 O-O 14.Nc3 Re8 15.Rad1 Nfd7
16.Bxe7 Qxe7 17.Qxe7 Rxe7 18.b3 Rae8 19.h4 f5 20.Rd2 Nf6 21.Bf3 Nbd7 22.Rfd1 Ne5
23.Kg2 Kf7 24.Rd8  1/2-1/2

[Event "20th World Seniors"]
[Site "Arco ITA"]
[Date "2010.11.01"]
[Round "6"]
[White "Gierse,H"]
[Black "Neumann,Ho"]
[Result "1/2-1/2"]
[WhiteElo "2127"]
[BlackElo "1974"]

1.Nf3 d5 2.g3 Nf6 3.Bg2 Bg4 4.c4 Bxf3 5.Bxf3 c6 6.cxd5 cxd5 7.Qb3 Qd7 8.Nc3 e6
9.d4 Nc6 10.e3 Rc8 11.O-O Bd6 12.Nb5 Bb8 13.Bd2 a6 14.Nc3 b5 15.Ne2 O-O 16.Qd3 Rfd8
17.Bg2 h6 18.Rfc1 Bd6 19.a4 bxa4 20.Qxa6 Bb4 21.Bxb4 Nxb4 22.Qxa4 Qxa4 23.Rxa4 Nd3
24.Rxc8 Rxc8 25.b4 Rc2 26.Nf4 Nxf2 27.Ra8+ Kh7 28.Bf1 N6e4 29.Bd3 Rb2 30.Ra7 Kg8
31.Ra8+ Kh7 32.Ra7 Kg8  1/2-1/2

[Event "14th OIBM"]
[Site "Bad Wiessee GER"]
[Date "2010.11.01"]
[Round "4.25"]
[White "Baum,B"]
[Black "Rivas Pastor,M"]
[Result "1/2-1/2"]
[WhiteElo "2253"]
[BlackElo "2529"]

1.Nf3 d5 2.g3 Bg4 3.Bg2 e6 4.c4 c6 5.cxd5 Bxf3 6.Bxf3 cxd5 7.O-O Nc6 8.d3 Nf6
9.Nc3 Rc8 10.Bg5 Be7 11.Bg2 h6 12.Bd2 O-O 13.Rc1 a6 14.a3 Rc7 15.Re1 Bd6
16.e3 Ne5 17.Qe2 Qe7 18.f4 Nc6 19.Na2 Rfc8 20.Kh1 Qd8 21.Red1 Bf8 22.h3 g6
23.Qf2 h5 24.Qg1 Rd7 25.Bf3 Ne4 26.Be1 Nd6 27.g4 hxg4 28.hxg4 Bg7 29.Qf2 Qb6
30.Bc3 d4 31.exd4 Bxd4 32.Bxd4 Qxd4 33.Qd2 Rdc7 34.Nc3 Ne7 35.Kg2 b5 36.Ne2 Qb6
37.Rxc7 Rxc7 38.Rc1 Ne8 39.Ng3 Nf6 40.f5 Rxc1 41.Qxc1 exf5 42.gxf5 Nxf5 43.Nxf5 gxf5
44.Qc8+ Kg7 45.Qxf5 Qe3 46.b4 Qd2+ 47.Kh3 Nh7 48.Bb7 Qe3+ 49.Kg2 Ng5 50.Bxa6 Ne6
51.Qg4+ Kf8 52.Bxb5 Qd2+ 53.Kf1 Qc1+ 54.Kf2 Qb2+ 55.Kf1 Qb1+ 56.Kf2 Qb2+
57.Kf1  1/2-1/2

[Event "VII Open"]
[Site "Figueira da Foz POR"]
[Date "2010.11.01"]
[Round "2.23"]
[White "Andias,J"]
[Black "Mendes,CaA"]
[Result "0-1"]
[WhiteElo "1909"]
[BlackElo "1777"]

1.Nf3 d5 2.g3 c5 3.Bg2 Nc6 4.O-O e5 5.d3 Nf6 6.e4 d4 7.a4 b6 8.Na3 Qc7 9.Nh4 Be7
10.f4 O-O 11.f5 Bd7 12.Nc4 Ne8 13.Nf3 f6 14.g4 Nd6 15.Nfd2 a6 16.Rf3 Nxc4
17.Nxc4 b5 18.Na3 Qb7 19.Qe1 c4 20.dxc4 Bxa3 21.Raxa3 bxc4 22.Bf1 d3 23.Rh3 Be8
24.cxd3 cxd3 25.Bxd3 Nd4 26.Bd2 Rc8 27.Bc3 Rd8 28.Qd1 Bc6 29.Qe1 Be8 30.Qf1 Qa7
31.Kh1 Qb7 32.Qe1 Bf7 33.Qh4 h6 34.Qf2 Be8 35.Ra1 Bc6 36.Re1 Rd7 37.Qe3 Rfd8
38.Bxd4 Rxd4 39.Qe2 Qb3 40.Rc1 Qb7 41.Bc4+ Kh7 42.Rb3 Bxe4+ 43.Kg1 Qa8 44.Re1 Bb7
45.Bf7 Rd2 46.Bg6+ Kh8 47.Qe3 Rg2+ 48.Kf1 h5 49.Rb4 Rdd2 50.h4 Rh2  0-1